书目信息 |
| 题名: |
资本主义、社会主义和民主主义
|
|
| 作者: | 熊彼特 , Schumpeter 著 ;绛枫 译 | |
| 分册: | ||
| 出版信息: | 北京 商务印书馆 1979 |
|
| 页数: | 541页 | |
| 开本: | 20cm | |
| 丛书名: | ||
| 单 册: | ||
| 中图分类: | D08 | |
| 科图分类: | ||
| 主题词: | 现代资产阶级经济学--美国 | |
| 电子资源: | ||
| ISBN: | ||
| 000 | 00874nam0 2200265 45 | |
| 001 | 0179008153 | |
| 005 | 20060818104205.34 | |
| 010 | @dCNY1.65 | |
| 091 | @a3017.235 | |
| 100 | @a19950714d1979 em y0chiy0121 ea | |
| 101 | 1 | @achi@aeng |
| 102 | @aCN@b110000 | |
| 105 | @ay z 000yy | |
| 200 | 10 | @a资本主义、社会主义和民主主义@Azi ben zhu yi she hui zhu yi he min zhu zhu yi@f(美)熊彼特(J.A.Schumpeter)著@g绛枫译 |
| 210 | @a北京@c商务印书馆@d1979 | |
| 215 | @a541页@d20cm | |
| 304 | @a约瑟夫·雄彼特,美籍奥地利人,当代资产阶级学界的代表人物 | |
| 517 | 1 | @a资本主义社会主义和民主主义@Azi ben zhu yi she hui zhu yi he min zhu zhu yi |
| 606 | @a现代资产阶级经济学@y美国 | |
| 690 | @aD08@v3 | |
| 701 | 1 | @a熊彼特@Axiong bi te@bJ.A.@4著 |
| 701 | A1 | @aSchumpeter@b.J.A@4著 |
| 702 | 0 | @a绛枫@Ajiang feng@4译 |
| 801 | 0 | @aCN@bNLC@c20060818 |
| 905 | @f1@b28783@dD08@e1 | |
| 资本主义、社会主义和民主主义/(美)熊彼特(J.A.Schumpeter)著/绛枫译.-北京:商务印书馆,1979 |
| 541页;20cm |
| ISBN :CNY1.65 |
| ● |
| 相关链接 |
|
|
|
|
正题名:资本主义、社会主义和民主主义
索取号:D08/1
 
预约/预借
| 序号 | 登录号 | 条形码 | 馆藏地/架位号 | 状态 | 备注 |
| 1 | 0024764 | 001019980 | 第一样本阅览室/ [索取号:D08/1] | 在馆 | |
| 2 | 0028783 | 001924430 | 第一样本阅览室/ [索取号:D08/1] | 在馆 | |
| 3 | 0425632 | 204256321 | 密集书库/ [索取号:D08/1] | 在馆 | |
| 4 | 0425633 | 204256330 | 密集书库/ [索取号:D08/1] | 在馆 | |
| 5 | 0425634 | 204256349 | 密集书库/ [索取号:D08/1] | 在馆 | |
| 6 | 0465692 | 204656924 | 密集书库/ [索取号:D08/1] | 在馆 | |
| 7 | 0471700 | 204717002 | 密集书库/ [索取号:D08/1] | 在馆 |